<?xml version="1.0" encoding="UTF-8"?>
<record
    xmlns:xsi="http://www.w3.org/2001/XMLSchema-instance"
    xsi:schemaLocation="http://www.loc.gov/MARC21/slim http://www.loc.gov/standards/marcxml/schema/MARC21slim.xsd"
    xmlns="http://www.loc.gov/MARC21/slim">

  <leader>01817cam a2200265 a 4500</leader>
  <controlfield tag="001"> </controlfield>
  <controlfield tag="003">DO-SdBNP</controlfield>
  <controlfield tag="005">20231013090758.0</controlfield>
  <controlfield tag="008">960913s1996    dr a     b   f101 0dspa  </controlfield>
  <datafield tag="040" ind1=" " ind2=" ">
    <subfield code="a">BPMSU </subfield>
    <subfield code="b">spa</subfield>
    <subfield code="c">BPMSU </subfield>
  </datafield>
  <datafield tag="082" ind1=" " ind2="4">
    <subfield code="a">928.61097293 </subfield>
    <subfield code="b">P796s 1996</subfield>
    <subfield code="2">22</subfield>
  </datafield>
  <datafield tag="111" ind1="2" ind2=" ">
    <subfield code="a">Semana Internacional en Homenaje a Pedro Henr&#xED;quez Ure&#xF1;a en el Cincuentenario de su Muerte 1946-1996</subfield>
    <subfield code="d">(1996 : 6-11  mayo.</subfield>
    <subfield code="c">Santo Domingo)</subfield>
    <subfield code="8"> </subfield>
  </datafield>
  <datafield tag="245" ind1="1" ind2="0">
    <subfield code="a">Ponencias de la Semana Internacional en Homenaje a Pedro Henr&#xED;quez Ure&#xF1;a en el Cincuentenario de su Muerte 1946-1996 /</subfield>
    <subfield code="c">editor, Jorge Tena Reyes.</subfield>
  </datafield>
  <datafield tag="260" ind1=" " ind2=" ">
    <subfield code="a">Santo Domingo:</subfield>
    <subfield code="b">Secretar&#xED;a de Estado de Educaci&#xF3;n, Bellas Artes y Cultos,  </subfield>
    <subfield code="c">1996.</subfield>
  </datafield>
  <datafield tag="300" ind1=" " ind2=" ">
    <subfield code="a">xviii, 724 p. :</subfield>
    <subfield code="b">il. ;</subfield>
    <subfield code="c">23 cm.</subfield>
  </datafield>
  <datafield tag="500" ind1=" " ind2=" ">
    <subfield code="a">Incluye referencias bibliogr&#xE1;ficas y notas al pie de las p&#xE1;ginas  </subfield>
  </datafield>
  <datafield tag="505" ind1="0" ind2=" ">
    <subfield code="a">Un homenaje bien merecido a Henr&#xED;quez Ure&#xF1;a (1884-1946) sobre el 50 aniversario de su muerte. Henr&#xED;quez Ure&#xF1;a comenz&#xF3;, en un camino, el estudio de literatura latinoamericana como un campo que consiste en maestros principales y menores, per&#xED;odos, y los g&#xE9;neros que cruzaron las fronteras de las literaturas inesperadas nacionales. Esta serie de papeles(peri&#xF3;dicos) estudia su vida y trabajos. Tambi&#xE9;n incluye art&#xED;culos por algunos de sus contempor&#xE1;neos: Alfonso Reyes, Jos&#xE9; Vasconcelos, Amado Alonso, Anderson Imbert, y Juan Ram&#xF3;n Jim&#xE9;nez " - Manual de Estudios latinoamericanos, v. 58.</subfield>
  </datafield>
  <datafield tag="590" ind1=" " ind2=" ">
    <subfield code="6">Inventariado, 2022/VM</subfield>
  </datafield>
  <datafield tag="600" ind1="1" ind2="4">
    <subfield code="a">Henr&#xED;quez Ure&#xF1;a, Pedro,</subfield>
    <subfield code="d">1884-1946</subfield>
    <subfield code="v"> Ensayos, conferencias, etc. </subfield>
    <subfield code="x"> </subfield>
  </datafield>
  <datafield tag="651" ind1=" " ind2="4">
    <subfield code="a">Rep&#xFA;blica Dominicana </subfield>
    <subfield code="x">Vida Intelectual</subfield>
  </datafield>
  <datafield tag="700" ind1="1" ind2=" ">
    <subfield code="a">Tena Reyes, Jorge.</subfield>
    <subfield code="e">editor </subfield>
  </datafield>
  <datafield tag="710" ind1="2" ind2=" ">
    <subfield code="a"> Secretar&#xED;a de Educaci&#xF3;n, Bellas Artes y Cultos(Rep&#xFA;blica Dominicana)</subfield>
  </datafield>
  <datafield tag="910" ind1=" " ind2=" ">
    <subfield code="a">VMateo V. Control de calidad. BPMSU</subfield>
  </datafield>
  <datafield tag="942" ind1=" " ind2=" ">
    <subfield code="2">ddc</subfield>
    <subfield code="c">BK</subfield>
  </datafield>
  <datafield tag="952" ind1=" " ind2=" ">
    <subfield code="0">0</subfield>
    <subfield code="1">0</subfield>
    <subfield code="2">ddc</subfield>
    <subfield code="4">0</subfield>
    <subfield code="7">0</subfield>
    <subfield code="8">CD</subfield>
    <subfield code="a">BPMET</subfield>
    <subfield code="b">BPMET</subfield>
    <subfield code="d">2022-05-06</subfield>
    <subfield code="l">0</subfield>
    <subfield code="o">BPMSU CD 928.61097293  P796s 1996</subfield>
    <subfield code="p">BPMSU22050023</subfield>
    <subfield code="r">2022-05-06</subfield>
    <subfield code="w">2022-05-06</subfield>
    <subfield code="y">BK</subfield>
  </datafield>
  <datafield tag="999" ind1=" " ind2=" ">
    <subfield code="c">14190</subfield>
    <subfield code="d">14190</subfield>
  </datafield>
</record>
